All World Leaders - Statistics

General Stats
  • This quiz has been taken 30 times
    2 since last reset
  • The average score is 83 of 356
Answer Stats
Title Name of Leader % Correct
President of Egypt Abdel Fattah el-Sisi
100%
King of Jordan Abdullah II
100%
President of Belarus Alexander Lukashenko
100%
Prime Minister of Malaysia Anwar Ibrahim
100%
President of Syria Bashar al-Assad
100%
Prime Minister of Israel Benjamin Netanyahu
100%
King of Antigua and Barbuda | King of Australia | King of Belize | +5 others Charles III
100%
Prime Minister of Albania Edi Rama
100%
French Co-Prince of Andorra | President of France Emmanuel Macron
100%
Prime Minister of Italy Giorgia Meloni
100%
Sultan and Prime Minister of Brunei Hassanal Bolkiah
100%
President of the United States of America Joe Biden
100%
Prime Minister of Canada Justin Trudeau
100%
Prime Minister of the United Kingdom Keir Starmer
100%
Supreme Leader of North Korea Kim Jong-un
100%
President of Brazil Luiz Inácio Lula da Silva
100%
King of Morocco Mohammed VI
100%
President of Rwanda Paul Kagame
100%
President of Turkey Recep Tayyip Erdogan
100%
President of Russia Vladimir Putin
100%
President of Ukraine Volodymyr Zelensky
100%
Prime Minister of East Timor Xanana Gusmão
100%
President of China Xi Jinping
100%
President of Honduras Xiomara Castro
100%
President of Algeria Abdelmadjid Tebboune
50%
Prime Minister of Djibouti Abdoulkader Kamil Mohamed
50%
Prime Minister of Kuwait Ahmad Al-Abdullah Al-Sabah
50%
Sovereign Prince of Monaco Albert II
50%
Supreme Leader of Iran Ali Khamenei
50%
Regent of Liechtenstein Alois
50%
Prime Minister of Croatia Andrej Plenkovic
50%
President of Mexico Andres Manuel Lopez Obrador
50%
Prime Minister of Jamaica Andrew Holness
50%
President of Madagascar Andry Rajoelina
50%
Prime Minister of Australia Anthony Albanese
50%
President of Comoros Azali Assoumani
50%
President of Guatemala Bernardo Arévalo
50%
President of Nigeria Bola Tinubu
50%
President of the Philippines Bongbong Marcos
50%
Prime Minister of of Bosnia and Herzegovina Borjana Krišto
50%
President of Gabon Brice Oligui Nguema
50%
High Representative of Bosnia and Herzegovina Christian Schmidt
50%
Prime Minister of New Zealand Christopher Luxon
50%
President of South Africa Cyril Ramaphosa
50%
President of Ecuador Daniel Noboa
50%
President of Nicaragua Daniel Ortega
50%
Prime Minister of Liechtenstein Daniel Risch
50%
President of Nauru David Adeang
50%
President of the Republic of Congo Denis Sassou Nguesso
50%
Prime Minister of the Netherlands Dick Schoof
50%
President of Latvia Edgars Rinkēvičs
50%
President of Burundi Evariste Ndayishimiye
50%
President of the Central African Republic Faustin-Archange Touadera
50%
King of Spain Felipe VI
50%
President of the Democratic Republic of Congo Felix Tshisekedi
50%
King of Denmark Frederik X
50%
Prime Minister of Japan Fumio Kishida
50%
Prime Minister of France Gabriel Attal
50%
President of Chile Gabriel Boric
50%
Prime Minister of Antigua and Barbuda Gaston Browne
50%
President of Lithuania Gitanas Nauseda
50%
President of Colombia Gustavo Petro
50%
Prince Regent of Liechtenstein Hans-Adam II
50%
Acting Prime Minister of Afghanistan Hasan Akhund
50%
Grand Duke of Luxembourg Henri
50%
Leader of Afghanistan Hibatullah Akhundzada
50%
President of the Marshall Islands Hilda Heine
50%
Prime Minister of North Macedonia Hristijan Mickoski
50%
Prime Minister of Cambodia Hun Manet
50%
Interim President of Burkina Faso Ibrahim Traoré
50%
President of Azerbaijan Ilham Aliyev
50%
Prime Minister of Lithuania Ingrida Simonyte
50%
President of Guyana Irfaan Ali
50%
President of Eritrea Isaias Afwerki
50%
President of Djibouti Ismail Omar Guelleh
50%
King of Bhutan Jigme Khesar Namgyel Wangchuck
50%
President of Angola Joao Lourenco
50%
Prime Minister of Belize Johnny Briceno
50%
President of Indonesia Joko Widodo
50%
Prime Minister of Norway Jonas Gahr Store
50%
Premier of North Korea Kim Tok-hun
50%
Prime Minister of Nepal KP Sharma Oli
50%
Prime Minister of Greece Kyriakos Mitsotakis
50%
President of Malawi Lazarus Chakwera
50%
Prime Minister of Luxembourg Luc Frieden
50%
President of the Dominican Republic Luis Abinader
50%
President of Chad Mahamat Deby
50%
President of Moldova Maia Sandu
50%
Prime Minister of Denmark Mette Frederiksen
50%
Prime Minister of Barbados Mia Mottley
50%
President of Cuba Miguel Díaz-Canel
50%
Prime Minister of Montenegro Milojko Spajić
50%
Chairman of the State Administration Council andPrime Minister of Myanmar Min Aung Hlaing
50%
Emir of Kuwait Mishal Al-Ahmad Al-Jaber Al-Sabah
50%
President of Mauritania Mohamed Ould Ghazouani
50%
Prime Minister of Saudi Arabia Mohammed bin Salman
50%
Prime Minister of Iraq Mohammed Shia' Al Sudani
50%
King of Eswatini Mswati III
50%
Chief Advisor of Bangladesh Muhammad Yunus
50%
Prime Minister of India Narendra Modi
50%
Emperor of Japan Naruhito
50%
President of El Salvador Nayib Bukele
50%
President of Venezuela Nicolas Maduro
50%
Prime Minister of Armenia Nikol Pashinyan
50%
Chancellor of Germany Olaf Scholz
50%
President of Cameroon Paul Biya
50%
Prime Minister of Spain Pedro Sanchez
50%
Prime Minister of the Czech Republic Petr Fiala
50%
President of the Czech Republic Petr Pavel
50%
Sovereign of the Vatican City Pope Francis
50%
President of Kazakhstan Qasym-Zhomart Toqaev
50%
Prime Minister of Malta Robert Abela
50%
Prime Minister of Dominica Roosevelt Skerrit
50%
King of Saudi Arabia Salman
50%
Prime Minister of Pakistan Shehbaz Sharif
50%
Prime Minister of Fiji Sitiveni Rabuka
50%
President of Palau Surangel Whipps
50%
President of Equatorial Guinea Teodoro Obiang Nguema Mbasogo
50%
President of Laos Thongloun Sisoulith
50%
Prime Minister of Bhutan Tshering Tobgay
50%
Prime Minister of Cape Verde Ulisses Correia e Silva
50%
Prime Minister of Hungary Viktor Orbán
50%
President of Kenya William Ruto
50%
Prime Minister of Andorra Xavier Espot Zamora
50%
Serbian President of Bosnia and Herzegovina Željka Cvijanović
50%
Croatian President of Bosnia and Herzegovina Zeljko Komsic
50%
Chairman of the Transitional Sovereignty Council of Sudan Abdel Fattah al-Burhan
0%
President of Niger Abdourahamane Tchiani
0%
Prime Minister of Libya Abdul Hamid Dbeibeh
0%
Prime Minister of Uzbekistan Abdulla Aripov
0%
President of Iraq Abdul Latif Rashid
0%
Prime Minister of Ethiopia Abiy Ahmed
0%
President of the Gambia Adama Barrow
0%
Prime Minister of Mozambique Adriano Maleiane
0%
Prime Minister of Yemen Ahmad Awad bin Mubarak
0%
Chairman of the Cabinet of Ministers of Kyrgyzstan Akylbek Dzaparov
0%
President of Estonia Alar Karis
0%
President of the Ivory Coast Alassane Ouattara
0%
President of Argentina Alberto Fernandez
0%
Member of the Swiss Federal Council Albert Rösti
0%
Prime Minister of Kosovo Albin Kurti
0%
President of Serbia Aleksandar Vucic
0%
Captain Regent of San Marino Alessandro Rossi
0%
Prime Minister of Belgium Alexander De Croo
0%
President of Finland Alexander Stubb
0%
President of Austria Alexander Van der Bellen
0%
Prime Minister of Azerbaijan Ali Asadov
0%
Prime Minister of Niger Ali Lamine Zeine
0%
Prime Minister of Chad Allamaye Halina
0%
Prime Minister of the Republic of Congo Anatole Collinet Makosso
0%
President of Poland Andrzej Duda
0%
Interim Prime Minister of Burkina Faso Appolinaire Joachim Kyelem de Tambela
0%
President of Pakistan Asif Ali Zardari
0%
Interim President of Mali Assimi Goïta
0%
Prime Minister of Morocco Aziz Akhannouch
0%
Prime Minister of Guinea Bah Oury
0%
President of Albania Bajram Begaj
0%
President of Senegal Bassirou Diomaye Faye
0%
Member of the Swiss Federal Council Beat Jans
0%
Prime Minister of Jordan Bisher Al-Khasawneh
0%
Prime Minister of Iceland Bjarni Benediktsson
0%
President of Sao Tome and Principe Carlos Vila Nova
0%
King of Sweden Carl XVI Gustaf
0%
President of Suriname Chan Santokhi
0%
King of Papua New Guinea | King of Saint Kitts and Nevis | King of Saint Lucia | +4 others Charles III
0%
Prime Minister of Vanuatu Charlot Salwai
0%
Acting Prime Minister of Mali Choguel Kokalla Maïga
0%
Premier of Taiwan Cho Jung-tai
0%
Prime Minister of Madagascar Christian Ntsay
0%
President of Trinidad and Tobago Christine Kangaloo
0%
Chief Minister of Sierra Leone David Moinina Sengeh
0%
Bosnian President of Bosnia and Herzegovina Denis Bećirović
0%
Prime Minister of Ukraine Denys Shmyhal
0%
Prime Minister of Grenada Dickon Mitchell
0%
Prime Minister of Bulgaria Dimitar Glavchev
0%
President of Peru Dina Boluarte
0%
Prime Minister of Sri Lanka Dinesh Gunawardena
0%
King of Tonga Tupou VI
0%
Prime Minister of Poland Donald Tusk
0%
Prime Minister of Moldova Dorin Recean
0%
President of India Droupadi Murmu
0%
President of the Transitional Presidential Council of Haiti Edgard Leblanc Fils
0%
Prime Minister of Rwanda Edouard Ngirente
0%
Member of the Swiss Federal Council Élisabeth Baume-Schneider
0%
President of Zimbabwe Emmerson Mnangagwa
0%
President of Tajikistan Emomali Rahmon
0%
Prime Minister of Latvia Evika Siliņa
0%
President of Togo Faure Gnassingbe
0%
Prime Minister of Tuvalu Feleti Teo
0%
Prime Minister of the Central African Republic Felix Moloua
0%
President of the Governorate of the Vatican City Fernando Vergez Alzaga
0%
Prime Minister of Samoa Fiame Naomi Mataʻafa
0%
President of Mozambique Filipe Nyusi
0%
President of Georgia Frank-Walter Steinmeier
0%
Acting Prime Minister of Haiti Garry Conille
0%
Prime Minister of Burundi Gervais Ndirakobuca
0%
President of North Macedonia Gordana Siljanovska-Davkova
0%
Prime Minister of Peru Gustavo Adrianzén
0%
Member of the Swiss Federal Council Guy Parmelin
0%
Sultan and Prime Minister of Oman Haitham bin Tarik
0%
President of Zambia Hakainde Hichilema
0%
President of Iceland Halla Tomasdottir
0%
King of Bahrain Hamad bin Isa Al Khalifa
0%
Prime Minister of Somalia Hamza Abdi Barre
0%
King of Norway Harold V
0%
President of Somalia Hassan Sheikh Mohamud
0%
Prime Minister of Syria Hussein Arnous
0%
Yang di-Pertuan Agong of Malaysia Ibrahim Iskandar
0%
Member of the Swiss Federal Council Ignazio Cassis
0%
Prime Minister of Georgia Irakli Kobakhidze
0%
President of Israel Isaac Herzog
0%
President of Montenegro Jakov Milatović
0%
Prime Minister of Papua New Guinea James Marape
0%
Prime Minister of the Solomon Islands Jeremiah Manele
0%
Episcopal Co-Prince of Andorra Joan Enric Vives i Sicília
0%
President of Cape Verde Jose Maria Neves
0%
President of Liberia Joseph Boakai
0%
Prime Minister of Cameroon Joseph Ngute
0%
President of East Timor José Ramos-Horta
0%
President of Panama Jose Raul Mulino
0%
Prime Minister of the Democratic Republic of Congo Judith Tuluka
0%
President of Sierra Leone Julius Maada Bio
0%
President of Tunisia Kais Saied
0%
Prime Minister of Tunisia Kamel Madouri
0%
Vice President of Switzerland Karin Keller-Sutter
0%
Chancellor of Austria Karl Nehammer
0%
Prime Minister of Tanzania Kassim Majaliwa
0%
President of Greece Katerina Sakellaropoulou
0%
Prime Minister of Trinidad and Tobago Keith Rowley
0%
President of the United Arab Emirates Khalifa bin Zayed Al Nahyan
0%
President of Romania Klaus Iohannis
0%
Prime Minister of Tajikistan Kokhir Rasulzoda
0%
Prime Minister of Estonia Kristen Michal
0%
President of Taiwan Lai Ching-te
0%
Prime Minister of Singapore Lawrence Wong
0%
King of Lesotho Letsie III
0%
Premier of China Li Qiang
0%
Secretary for Foreign and Political Affairs of San Marino Luca Beccari
0%
President of Bolivia Luis Acre
0%
President of Uruguay Luis Lacalle Pou
0%
Prime Minister of Portugal Luis Montenegro
0%
Prime Minister of Mongolia Luvsannamsrain Oyun-Erdene
0%
President of Palestine Mahmoud Abbas
0%
Interim President of Guinea Mamady Doumbouya
0%
Prime Minister of Equatorial Guinea Manuela Roka Botey
0%
Prime Minister of Cuba Manuel Marrero Cruz
0%
Prime Minister of Romania Marcel Ciolacu
0%
President of Portugal Marcelo Rebelo de Sousa
0%
Prime Minister of Guyana Mark Phillips
0%
President of Iran Masoud Pezeshkian
0%
President of Ireland Michael Higgins
0%
Prime Minister of Russia Mikhail Mishustin
0%
Captain Regent of San Marino Milena Gasperoni
0%
Prime Minister of Serbia Miloš Vučević
0%
Chairman of the Presidency of Libya Mohamed al-Menfi
0%
President of Maldives Mohamed Muizzu
0%
Prime Minister of Palestine Mohammad Mustafa
0%
Prime Minister of Qatar Mohammed bin Abdulrahman bin Jassim Al Thani
0%
Prime Minister of the United Arab Emirates Mohammed bin Rashid Al Maktoum
0%
President of Bangladesh Mohammed Shahabuddin
0%
President of Botswana Mokgweetsi Masisi
0%
Prime Minister of Mauritania Mokhtar Ould Djay
0%
Prime Minister of Egypt Mostafa Madbouly
0%
Acting President of Myanmar Myint Swe
0%
President of Malta Myriam Spiteri Debono
0%
Prime Minister of Algeria Nadir Larbaoui
0%
President of Lebanon | Prime Minister of Lebanon Najib Mikati
0%
President of Ghana Nana Akufo-Addo
0%
President of Namibia Nangolo Mbumba
0%
President of Slovenia Nataša Pirc Musar
0%
President of Cyprus Nicos Anastasiades
0%
President of Vanuatu Nikenike Vurobaravu
0%
King of Cambodia Norodom Sihamoni
0%
Prime Minister of Kazakhstan Oljas Bektenov
0%
Acting Prime Minister of Sudan Osman Hussein
0%
Prime Minister of Senegal Ousmane Sonko
0%
President of Benin Patrice Talon
0%
Prime Minister of Sao Tome and Principe Patrice Trovoada
0%
President of Slovakia Peter Pellegrini
0%
Prime Minister of Finland Petteri Orpo
0%
Prime Minister of Vietnam Pham Minh Chính
0%
Prime Minister of the Bahamas Philip Davis
0%
Prime Minister of Saint Lucia Philip J. Pierre
0%
King of Belgium Philippe
0%
Acting Prime Minister of Thailand Phumtham Wechayachai
0%
Minister of State of Monaco Pierre Dartout
0%
Prime Minister of Mauritius Pravind Jugnauth
0%
President of Mauritius Prithvirajsing Roopun
0%
Prime Minister of Saint Vincent and the Grenadines Ralph Gonsalves
0%
President of Nepal Ram Chandra Poudel
0%
President of Sri Lanka Ranil Wickremesinghe
0%
Chairman of the Presidential Leadership Counsel of Yemen Rashad al-Alimi
0%
Prime Minister of Gabon Raymond Ndong Sima
0%
Prime Minister of the Ivory Coast Robert Beugré Mambé
0%
Prime Minister of Slovakia Robert Fico
0%
Prime Minister of Slovenia Robert Golob
0%
Prime Minister of Uganda Robinah Nabbanja
0%
President of Costa Rica Rodrigo Chaves Robles
0%
Prime Minister of Belarus Roman Golovchenko
0%
Prime Minister of Guinea-Bissau Rui Duarte de Barros
0%
President of Bulgaria Rumen Radev
0%
Prime Minister of Eswatini Russell Dlamini
0%
Prime Minister of Namibia Saara Kuugongelwa
0%
President of Kyrgyzstan Sadyr Dzaparov
0%
President of Ethiopia Sahle-Work Zewde
0%
Prime Minister of Bahrain Salman bin Hamad Al Khalifa
0%
President of Georgia Salome Zourabichvili
0%
President of South Sudan Salva Kiir Mayardit
0%
President of Tanzania Samia Suluhu Hassan
0%
Prime Minister of Lesotho Sam Matekane
0%
President of Barbados Sandra Mason
0%
President of Paraguay Santiago Peña
0%
President of Turkmenistan Serdar Berdimuhamedow
0%
President of Italy Sergio Mattarella
0%
President of Uzbekistan Shavkat Mirziyoyev
0%
Prime Minister of Tonga Siaosi Sovaleni
0%
Taoiseach of Ireland Simon Harris
0%
Prime Minister of Laos Sonexay Siphandone
0%
President of Dominica Sylvanie Burton
0%
President of Hungary Tamás Sulyok
0%
Emir of Qatar Tamim bin Hamad Al Thani
0%
President of Kiribati Taneti Maamau
0%
Prime Minister of Saint Kitts and Nevis Terrance Drew
0%
President of Singapore Tharman Shanmugaratnam
0%
President of Vietnam To Lam
0%
O le Ao o le Malo of Samoa Tuimalealiʻifano Vaʻaletoʻa Sualauvi II
0%
President of Mongolia Ukhnaagiin Khurelsukh
0%
Prime Minister of Sweden Ulf Kristersson
0%
President of Guinea-Bissau Umaro Sissoco Embalo
0%
President of Armenia Vahagn Khachaturyan
0%
King of Thailand Vajiralongkorn
0%
Prime Minister of Togo Victoire Tomegah Dogbe
0%
President of Switzerland Viola Amherd
0%
President of Kosovo Vjosa Osmani
0%
President of Seychelles Wavel Ramkalawan
0%
President of Micronesia Wesley Simina
0%
President of Fiji Wiliame Katonivere
0%
King of the Netherlands Willem-Alexander
0%
President of South Korea Yoon Suk-yeol
0%
President of Uganda Yoweri Museveni
0%
President of Croatia Zoran Milanovic
0%
No matching quizzes found
Score Distribution
Percent of People with Each Score
Percentile by Number Answered
Your Score History
You have not taken this quiz since the last reset